LEADER 01040nam a2200217 i 4500 001 000000154037 003 CaOOAMICUS 005 20061009000000.0 008 061009s1942 it u000 u ita u 013 $a131383 040 $aSeMil$bita 100 1 $aMottini, G. Edoardo.$0(OLS)http://semarc/name/41187 245 10$aStoria dell'arte italiana :$bad uso dei Licei e delle persone colte /$cG. Edoardo Mottini ; Nuova edizione ampliata con l'aggiunta di una introduzione su l'Arte Antica a cura di Vincenzo Costantini. 260 $a[Milano] :$bArnoldo Mondadori Editore,$c1942. 300 $aCXII, 570 p. :$bill. ;$c25 cm. 500 $aContiene : Appendici. 700 1 $aCostantini, Vincenzo.$0(OLS)http://semarc/name/7695 850 $aSeMil 852 $aSeMil$W1$xVenegono$y1$m5M IX 64$j105907$B105907$CSeMilBibl$Z2$F115121 $8I 996 $6245$aStoria dell'arte italiana :$bad uso dei Licei e delle persone colte$9(OLS)http://semarc/title/225387 996 $6260$a[Milano] :$bArnoldo Mondadori Editore$9(OLS)http://semarc/publisher/29634 LEADER 00996nam a2200253 i 4500 001 000000063486 003 CaOOAMICUS 005 20190704104401.0 008 100310s1956 fr u000 u fre u 013 $a34658 040 $aSeMil$bita 100 1 $aPiault, Bernard.$0(OLS)http://semarc/name/32084 245 13$aLe mystère du Dieu vivant :$bun et trine /$cBernard Piault. 260 $aParis :$bLibrairie Arthème Fayard,$c1956. 300 $a126 p. ;$c20 cm. 490 0 $aJe sais, je crois ;$v17 650 4$aDio - Teologia.$0(OLS)http://semarc/subject/1408 830 0$aJe sais, je crois ;$v17.$0(OLS)http://semarc/title/524 850 $aSeMil 852 $aSeMil$W1$xVenegono$y1$m2X I 133$j29639$B29639$CSeMilBibl$Z2$F29642 $81 961 $aOmaggio: Oggioni don Costantino 996 $6245$aLe mystère du Dieu vivant :$bun et trine$9(OLS)http://semarc/title/100303 996 $6260$aParis :$bLibrairie Arthème Fayard$9(OLS)http://semarc/publisher/34003